Suma o Kościele / (Rekord nr 27294)
| 000 -Nagłówek | |
|---|---|
| fixed length control field | 01767nam a2200481 i 4500 |
| 001 - Nr kontrolny bibl., która utworzyła rek. | |
| control field | xx004600185 |
| 003 - Siglum bibl., której nr kontr. jest w 001 | |
| control field | NUKAT |
| 005 - Data i czas ostatniej operacji | |
| control field | 20260327115238.0 |
| 008 - Elementy pola stałej długości | |
| fixed length control field | 190425s2019 pl a |001 0dpol c |
| 020 ## - ISBN | |
| ISBN | 9788393746149 |
| dopowiedzenie | (oprawa twarda) |
| 035 ## - Systemowy numer kontrolny | |
| systemowy numer kontrolny | (OCoLC)1100379518 |
| 035 ## - Systemowy numer kontrolny | |
| systemowy numer kontrolny | (NUKAT)xx004600185 |
| 040 ## - Instytucja sporządzająca opis | |
| Instytucja, która sporządziła opis | WA U/JK |
| język katalgowania-trzyzn. kod | pol |
| zasady opisu | rda |
| Instytucja, która sporządziła rekord | WA U/JKs |
| Instytucja, która zmodyfikowała rekord | WA U/EBA |
| -- | OLSZT 008/bak |
| 041 1# - Kod nazwy języka dokumentu | |
| Język tekstu | pol |
| Language code of original | lat |
| 046 ## - Kod rodz. daty, data1, data2 (daty pne) | |
| Begin/single date | 1439?~ |
| End date | 1468?~ |
| Date source | edtf |
| 100 1# - Hasło główne-nazwa osobowa | |
| Nazwa osobowa | Turrecremata, Joannes de |
| Daty biograficzne | (1388-1468). |
| rodzaj współpracy | Autor |
| 9 (RLIN) | 39044 |
| 245 10 - Tytuł właściwy i oznaczenie odpow. | |
| tytuł | Suma o Kościele / |
| dod. inf. ze s. tyt./ozn. odpow. | Juan Torquemada = Johannes de Turrecremata = Jan ze Spalonej Wieży ; z wydania w Lyonie 1496 przełożył Julian Wojtkowski. |
| 246 1# - Inne formy tytułu, wariant tytułu | |
| tekst poprzedzający wariant tyt. | Tytuł oryginału: |
| tytuł | Summa de Ecclesia |
| 260 ## - Adres wydawniczy | |
| miejsce wydania, dystrybucji itp. | Olsztyn : |
| nazwa wydawcy, dystrybutora itp. | Arcybiskup Metropolita Warmiński, |
| data wydania, dystrybucji itp. | 2019. |
| 300 ## - Opis fizyczny | |
| objętość i/lub forma materiału | 694, [2] strony tablic : |
| inne szczegóły opisu fizycznego | ilustracje ; |
| format | 30 cm. |
| 336 ## - Content Type | |
| Term | Tekst |
| Code | txt |
| Source | rdacontent |
| 337 ## - Media Type | |
| Term | Bez urządzenia pośredniczącego |
| Code | n |
| Source | rdamedia |
| 338 ## - Carrier Type | |
| Term | Wolumin |
| Code | nc |
| Source | rdacarrier |
| 380 ## - Form of work | |
| Form of work | Książki |
| 380 ## - Form of work | |
| Form of work | Publikacje naukowe |
| 380 ## - Form of work | |
| Form of work | Publikacje religijne |
| 388 1# - TIME PERIOD OF CREATION | |
| Time period of creation term | 1401-1500 |
| 504 ## - Uwaga o bibliografii | |
| uwaga o bibliografii | Indeksy. |
| 610 27 - Hasło przedmiotowe-nazwa ciała zbior. | |
| nazwa ciała zbior. lub geogr. | Kościół katolicki |
| źródło hasła | DBN |
| 9 (RLIN) | 37102 |
| 650 #7 - Hasło przedmiotowe-nazwa pospolita | |
| nazwa pospolita lub geogr. | Eklezjologia |
| źródło hasła | DBN |
| 9 (RLIN) | 39045 |
| 650 #7 - Hasło przedmiotowe-nazwa pospolita | |
| nazwa pospolita lub geogr. | Herezje |
| źródło hasła | DBN |
| 9 (RLIN) | 39046 |
| 650 #7 - Hasło przedmiotowe-nazwa pospolita | |
| nazwa pospolita lub geogr. | Papiestwo |
| źródło hasła | DBN |
| 9 (RLIN) | 35590 |
| 650 #7 - Hasło przedmiotowe-nazwa pospolita | |
| nazwa pospolita lub geogr. | Schizmy |
| źródło hasła | DBN |
| 9 (RLIN) | 39047 |
| 650 #7 - Hasło przedmiotowe-nazwa pospolita | |
| nazwa pospolita lub geogr. | Synody i sobory |
| źródło hasła | DBN |
| 9 (RLIN) | 39048 |
| 650 #7 - Hasło przedmiotowe-nazwa pospolita | |
| nazwa pospolita lub geogr. | Teologia katolicka |
| źródło hasła | DBN |
| 9 (RLIN) | 35194 |
| 650 #7 - Hasło przedmiotowe-nazwa pospolita | |
| nazwa pospolita lub geogr. | Kościół katolicki |
| określnik chronologiczny | 15 w. |
| określnik formy | dzieła przed 1800. |
| źródło hasła | kaba |
| 9 (RLIN) | 39050 |
| 650 #7 - Hasło przedmiotowe-nazwa pospolita | |
| nazwa pospolita lub geogr. | Ultramontanizm. |
| źródło hasła | kaba |
| 9 (RLIN) | 39049 |
| 655 #7 - Termin określający rodzaj/formę | |
| rodzaj/forma | Summa |
| źródło terminu | DBN |
| 9 (RLIN) | 39051 |
| 658 ## - Nazwa określająca cel programu nauczania | |
| główny cel programu nauczania | Religia i duchowość |
| 700 1# - Hasło dodatkowe - nazwa osobowa | |
| nazwa osobowa | Wojtkowski, Julian |
| daty biograficzne | (1927-2026). |
| rodzaj współpracy | Tłumaczenie |
| 9 (RLIN) | 12728 |
| 920 ## - ISBN | |
| ISBN | 978-83-937461-4-9 (oprawa twarda) |
| 942 ## - ADDED ENTRY ELEMENTS (KOHA) | |
| Source of classification or shelving scheme | Dewey Decimal Classification |
| Koha item type | pozycje dostępne na miejscu |
| Status wycofania | Status zagubienia | Klasyfikacja | Status uszkodzenia | Blokada wypożyczeń | Kolekcja | Lokalizacja macierzysta | Lokalizacja bieżąca | Data nabycia | Numer akcesji | Źródło akcesji | Cena | Nr inwentarzowy | il. wypożyczeń | Sygnatura | Kod kreskowy | Date last seen | Price effective from | Typ egz. |
|---|---|---|---|---|---|---|---|---|---|---|---|---|---|---|---|---|---|---|
| Dewey Decimal Classification | nieuszkodzona | książka w magazynie | Biblioteka Instytutu Północnego w Olsztynie | Biblioteka Instytutu Północnego w Olsztynie | 16/05/2019 | D-26/2019 | dar | 80.00 | 59791 | 59791 | IPWK21488 | 27/03/2026 | 27/03/2026 | pozycje dostępne na miejscu |